Химия окружающей среды (20.03.01): электронный курс
| 1. Verfasser: | |
|---|---|
| Körperschaft: | |
| Weitere Verfasser: | |
| Zusammenfassung: | Заглавие с экрана Основной целью курса является системное изучение химических процессов, происходящих в воздухе, почве и воде, а также ознакомление студентов с основными процессами миграции и трансформации химических соединений, протекающими в окружающей среде. Онлайн-курс предназначен для студентов третьего курса бакалавриата по направлению подготовки 20.03.01 "Техносферная безопасность", дисциплина преподается в 5-ом семестре. В курсе рассматриваются основные физико-химические процессы, протекающие в гидросфере, атмосфере и литосфере, законы миграции и круговорота веществ, химическое загрязнение окружающей среды и здоровье человека. Особое внимание уделяется изучению химических законов, закономерностей, правил и явлений, их практической значимости Интерактивный мультимедиа ресурс AM_Login_TPU |
| Sprache: | Russisch |
| Veröffentlicht: |
Томск, TPU Moodle, 2024
|
| Schlagworte: | |
| Online-Zugang: | https://design.lms.tpu.ru/course/view.php?id=5149 |
| Format: | Elektronisch Buch |
| KOHA link: | https://koha.lib.tpu.ru/cgi-bin/koha/opac-detail.pl?biblionumber=677531 |
MARC
| LEADER | 00000nlm0a2200000 4500 | ||
|---|---|---|---|
| 001 | 677531 | ||
| 005 | 20241218104651.0 | ||
| 090 | |a 677531 | ||
| 100 | |a 20241218d2024 m||y0rusy50 ca | ||
| 101 | 0 | |a rus | |
| 102 | |a RU | ||
| 105 | |a a j 000yy | ||
| 135 | |a jrcn ---uucaa | ||
| 181 | 0 | |a i |b e | |
| 182 | 0 | |a b | |
| 183 | 0 | |a cr |2 RDAcarrier | |
| 200 | 1 | |a Химия окружающей среды (20.03.01) |e электронный курс |f Н. А. Осипова, Д. В. Наркович |g Национальный исследовательский Томский политехнический университет, Отделение геологии | |
| 203 | |a Текст |c электронный |b визуальный | ||
| 210 | |a Томск |c TPU Moodle |d 2024 | ||
| 283 | |a online_resource |2 RDAcarrier | ||
| 300 | |a Заглавие с экрана | ||
| 330 | |a Основной целью курса является системное изучение химических процессов, происходящих в воздухе, почве и воде, а также ознакомление студентов с основными процессами миграции и трансформации химических соединений, протекающими в окружающей среде. Онлайн-курс предназначен для студентов третьего курса бакалавриата по направлению подготовки 20.03.01 "Техносферная безопасность", дисциплина преподается в 5-ом семестре. В курсе рассматриваются основные физико-химические процессы, протекающие в гидросфере, атмосфере и литосфере, законы миграции и круговорота веществ, химическое загрязнение окружающей среды и здоровье человека. Особое внимание уделяется изучению химических законов, закономерностей, правил и явлений, их практической значимости | ||
| 336 | |a Интерактивный мультимедиа ресурс | ||
| 371 | |a AM_Login_TPU | ||
| 606 | 1 | |a Окружающая среда |x Химия |9 61860 | |
| 610 | 1 | |a электронный ресурс | |
| 610 | 1 | |a труды учёных ТПУ | |
| 610 | 1 | |a электронное обучение | |
| 610 | 1 | |a кампусные онлайн-курсы | |
| 610 | 1 | |a дистанционное образование | |
| 610 | 1 | |a дистанционное обучение | |
| 610 | 1 | |a e-learning | |
| 610 | 1 | |a Moodle | |
| 610 | 1 | |a физико-химические процессы | |
| 610 | 1 | |a примеси | |
| 610 | 1 | |a химические загрязнения | |
| 610 | 1 | |a здоровье человека | |
| 610 | 1 | |a загрязнители | |
| 675 | |a 504(075.8) |v 4 | ||
| 700 | 1 | |a Осипова |b Н. А. |c геохимик и геоэколог |c доцент Томского политехнического университета, кандидат химических наук |f 1958- |g Нина Александровна |9 12102 | |
| 701 | 1 | |a Наркович |b Д. В. |c геохимик |c доцент Томского политехнического университета, кандидат геолого-минералогических наук |f 1985- |g Дина Владимировна |9 14558 | |
| 712 | 0 | 2 | |a Национальный исследовательский Томский политехнический университет |b Инженерная школа природных ресурсов |b Отделение геологии |9 28339 |4 570 |
| 801 | 0 | |a RU |b 63413507 |c 20241218 |g RCR | |
| 850 | |a 63413507 | ||
| 856 | 4 | |u https://design.lms.tpu.ru/course/view.php?id=5149 |z https://design.lms.tpu.ru/course/view.php?id=5149 | |
| 942 | |c CF | ||